| 000 | 00890cam a2200289 a 4500 | ||
|---|---|---|---|
| 999 |
_c2921 _d2921 |
||
| 001 | 017009943 | ||
| 003 | UkOxU | ||
| 005 | 20230912104712.0 | ||
| 008 | 070917s2007 enk b 000 0 eng d | ||
| 015 |
_aGBA775887 _2bnb |
||
| 020 | _a9781854599674 (pbk.) | ||
| 020 | _a1854599674 (pbk.) | ||
| 035 | _a(Uk)013951146 | ||
| 040 |
_aStDuBDS _beng _cStDuBDS _dUk _dKH8 |
||
| 042 | _aukblcatcopy | ||
| 082 | 0 | 4 |
_a792.028 ALF _222 |
| 100 | 1 |
_aAlfreds, Mike, _eauthor. |
|
| 245 | 1 | 0 |
_aDifferent every night : _bfreeing the actor / _cMike Alfreds. |
| 260 |
_aLondon : _bNick Hern, _c2007. |
||
| 300 |
_axxii, 362 p. ; _c24 cm. |
||
| 504 | _aIncludes bibliographical references. | ||
| 600 | 1 | 0 |
_aChekhov, Anton Pavlovich, _d1860-1904 _xDramatic production. |
| 650 | 0 | _aActing. | |
| 650 | 0 |
_aTheater _xProduction and direction _vCase studies. |
|
| 650 | 0 | _aTheater rehearsals. | |
| 942 |
_2ddc _cTR |
||